| 000 | 00778cam a22002291 4500 | ||
|---|---|---|---|
| 001 | e 49000044 | ||
| 003 | DLC | ||
| 005 | 20260227111234.0 | ||
| 008 | 790718s1949 dcu 000 0 eng | ||
| 010 | _ae 49000044 | ||
| 035 | _a(OCoLC)5183197 | ||
| 040 |
_aDLC _cTxHTSU _dDLC |
||
| 042 | _apremarc | ||
| 050 | 0 | 0 |
_aL111 _b.A77 no. 2 |
| 100 | 1 |
_aFeatherston, E. Glenn, _d1900- |
|
| 245 | 1 | 0 |
_aRecords and reports for pupil transportation, _cby E. Glenn Featherston and Andrew H. Gibbs. |
| 260 |
_a[Washington] _bFederal Security Agency, Office of Education _c[1949]. |
||
| 300 |
_aiv, 27 p. _c25 cm. |
||
| 490 | 0 |
_a[U. S.] Office of Education. Special series, _vno. 2 |
|
| 650 | 0 |
_aSchool children _xTransportation. |
|
| 700 | 1 |
_aGibbs, Andrew Harris, _d1900- _ejoint author. |
|
| 999 |
_c22107 _d22107 |
||